000 00591nam a2200229 4500
003 EC-UNACH
005 20250812162843.0
006 s||||gr|||| 00| 00
008 150116t9999 mx r gr 000 0 spa d
040 _aEC-UNACH
_cEC-UNACH
041 _aspa
082 0 4 _223
_a900
_bL017984
110 _aDiario El Comercio
245 _aQuito 1976
264 _aQuito - Ecuador
_bDiario El Comercio
_c2015
300 _a.
_c12 x 14 cm
505 _a.
942 _2ddc
_c7
999 _c13619